00473nam a22001577a 450000500170000000800410001702000190005804100080007708200150008510000150010024500510011526000450016630000240021136500240023550000560025920230522164633.0230522b |||||||| |||| 00| 0 eng d a9789386 210616 aeng a720.7bBHA aBhatti S S aArchitecture: Thery Practice Research Pedagogy aBarcelonabWhite Falcon Publishingc2017 a250pbPbc28 x 21.5 aINRb1906.3cRupaye a-Theory Practice Research Pedagogy Design Fiction